Hệ thống kế toán doanh nghiệp : Chuẩn mực kế toán - Chuẩn mực kiểm toán (Quyết định 15/2006/QĐ-BTC ngày 20/3/2006 về việc ban hành chế độ kế toán doanh nghiệp
Uloženo v:
| Korporativní autor: | |
|---|---|
| Médium: | Kniha |
| Jazyk: | Undetermined |
| Vydáno: |
Hà Nội
Tài chính
2007
|
| Témata: | |
| Tagy: |
Přidat tag
Žádné tagy, Buďte první, kdo otaguje tento záznam!
|
| Thư viện lưu trữ: | Trung tâm Học liệu Trường Đại học Cần Thơ |
|---|
| LEADER | 00743nam a2200205Ia 4500 | ||
|---|---|---|---|
| 001 | CTU_128690 | ||
| 008 | 210402s9999 xx 000 0 und d | ||
| 020 | |c 337000 | ||
| 082 | |a 657 | ||
| 082 | |b B450 | ||
| 110 | |a Bộ tài chính | ||
| 245 | 0 | |a Hệ thống kế toán doanh nghiệp : | |
| 245 | 0 | |b Chuẩn mực kế toán - Chuẩn mực kiểm toán (Quyết định 15/2006/QĐ-BTC ngày 20/3/2006 về việc ban hành chế độ kế toán doanh nghiệp | |
| 245 | 0 | |c Bộ tài chính | |
| 260 | |a Hà Nội | ||
| 260 | |b Tài chính | ||
| 260 | |c 2007 | ||
| 650 | |a Manegerial accounting | ||
| 904 | |i Tuyến | ||
| 980 | |a Trung tâm Học liệu Trường Đại học Cần Thơ | ||